Management strategies towards reducing the immaturity period of rubber (Hevea brasiliensis) (Record no. 62465)

MARC details
000 -LEADER
fixed length control field 00489nam a2200133Ia 4500
100 ## - MAIN ENTRY--AUTHOR NAME
Personal name George Sherin
245 #0 - TITLE STATEMENT
Title Management strategies towards reducing the immaturity period of rubber (Hevea brasiliensis)
260 ## - PUBLICATION, DISTRIBUTION, ETC. (IMPRINT)
Name of publisher In: Towards Inclusive Rubber Development (Ed. C. Kuruvilla Jacob). The Rubber Board, Kottayam, India, pp. 124-142.
Year of publication 2009
700 ## - ADDED ENTRY--PERSONAL NAME
Personal name Gireesh T.
700 ## - ADDED ENTRY--PERSONAL NAME
Personal name Idicula Sabu P.
700 ## - ADDED ENTRY--PERSONAL NAME
Personal name Nair N Usha
942 ## - ADDED ENTRY ELEMENTS (KOHA)
Koha item type Journals
Holdings
Withdrawn status Lost status Damaged status Not for loan Home library Current library Shelving location Date acquired Koha item type
      Journals RRII Library RRII Library Crop imporvement 26/10/2009 Journals